logo

Bir Sreshtho Munshi Abdur Rouf Library
Jhenaidah Cadet College

দ্য অ্যালকেমিস্ট / (Record no. 14131)

MARC details
000 -LEADER
fixed length control field 00837nam a2200253 a 4500
001 - CONTROL NUMBER
JCCL Control Number 14131
003 - CONTROL NUMBER IDENTIFIER
JCCL marc code BD-JhCC
005 - DATE AND TIME OF LATEST TRANSACTION
control field 20241230103609.0
008 - FIXED-LENGTH DATA ELEMENTS--GENERAL INFORMATION
fixed length control field 241212b2022 b |||| ||a| 000 0 b d
020 ## - INTERNATIONAL STANDARD BOOK NUMBER
International Standard Book Number 9789848004196
035 ## - SYSTEM CONTROL NUMBER
system control number (BD-JhCC)14131
040 ## - CATALOGING SOURCE
Original cataloging agency BD-JhCC
Modifying agency BD-JhCC
041 ## - LANGUAGE CODE
Language code of Book bengali
082 ## - DEWEY DECIMAL CLASSIFICATION NUMBER
Classification number 158
Author mark and Year COE 2022
100 ## - MAIN ENTRY--PERSONAL NAME
Personal name কোয়েলহো,পাওলো
245 ## - TITLE STATEMENT
Title দ্য অ্যালকেমিস্ট /
Statement of responsibility, etc পাওলো কোয়েলহো,অনু:সাইদুর রহমান ।
260 ## - PUBLICATION, DISTRIBUTION, ETC. (IMPRINT)
Place of publication, distribution, etc ঢাকা:
Name of publisher, distributor, etc অনুভুতি;
Date of publication, distribution, etc 2022.
300 ## - PHYSICAL DESCRIPTION
Pagination 111 p. :
Dimensions 21 cm.
650 ## - SUBJECT ADDED ENTRY--TOPICAL TERM
Topical term or geographic name as entry element Self-development and meditation.
700 ## - ADDED ENTRY--PERSONAL NAME
Personal name লেকটার,শ্যারন এল
700 ## - ADDED ENTRY--PERSONAL NAME
Personal name রহমান,সাইদুর
942 ## - ADDED ENTRY ELEMENTS (KOHA)
Source of classification or shelving scheme Dewey Decimal Classification
Koha item type Books
Holdings
Source of classification or shelving scheme Damaged status Not for loan Home library Current library Shelving location Date of accession Source of acquisition Cost, normal purchase price Total Checkouts Full call number Barcode Date last seen Date checked out Copy number Method of acquisition Koha item type Currency
Dewey Decimal Classification     JCC Rouf Library JCC Rouf Library General Stacks   With the compliments of Maj (Retd) Syed Sakhawat Hussain,07/0388/K 200.00 3 158 COE 2022 19740 11/11/2025 11/04/2025 C-1 Gift/Donation Books BDT

JCC Library | Contacts | JCC Home

Last Update on 23 September 2017
Copyright @ 2017-2020 JCC Rouf Library
Rouf Library, Jhenidah Cadet College (JCC), Bangladesh